000 00284nam a2200145Ia 4500
100 _aNone
942 _cBK
654 _aelectronics
245 _aTDM Pulse Amplitude
260 _bnone
_aIndore
082 _a621.381536
_bSCI
300 _a57
546 _aENGLISH
999 _c19701
_d19701